Is hearing-impaired children's reading delayed or different? (Record no. 70901)

MARC details
000 -CABECERA
campo de control de longitud fija 00590nam a2200217 a 4500
005 - FECHA Y HORA DE LA ÚLTIMA TRANSACCIÓN
campo de control 20210219153211.0
008 - ELEMENTOS DE LONGITUD FIJA--INFORMACIÓN GENERAL
campo de control de longitud fija 991125n 000 0 u
035 ## - NÚMERO DE CONTROL DEL SISTEMA
Número de control de sistema UPN01000083878
100 ## - ASIENTO PRINCIPAL--NOMBRE PERSONAL
Nombre de persona Hayes, Pam
222 ## - TÍTULO CLAVE
Título clave JOURNAL OF RESEARCH IN READING
245 ## - MENCIÓN DE TÍTULO
Título Is hearing-impaired children's reading delayed or different?
300 ## - DESCRIPCIÓN FÍSICA
Extensión 104-116
362 ## - FECHAS DE PUBLICACIÓN Y/O DESIGNACIÓN SECUENCIAL
Fecha de publicación y/o designación secuencial 15, No. 2, 1992
505 ## - NOTA DE CONTENIDO CON FORMATO PREESTABLECIDO
Nota de contenido con formato Febrero 1993
653 0# - TERMINO DE INDIZACION - NO CONTROLADO
Término no controlado DETERIORO DEL OIDO
653 0# - TERMINO DE INDIZACION - NO CONTROLADO
Término no controlado HABILIDAD LECTORA
653 0# - TERMINO DE INDIZACION - NO CONTROLADO
Término no controlado PROCESOS DE LECTURA
700 ## - ASIENTO SECUNDARIO--NOMBRE DE PERSONAL
Nombre de persona Arnold, Paul
904 ## - ELEMENTOS DE DATOS D LOCAL, LDD (RLIN)
a AC
b 021689
905 ## - TIPO DE MATERIAL
Tipo de material Articulo

No items available.